Sulawesi Cities on a Map - Statistics

General Stats
  • This quiz has been taken 102 times
  • The average score is 8 of 10
Answers on the Map
Answers color-coded by a green-red scale on the quiz's map according to % correct below.
 
Answer Stats
Pop City % Correct
1.33m Makassar
97%
395k Manado
92%
265k Kendari
91%
174k Gorontalo
90%
310k Palu
90%
125k Parepare
77%
116k Palopo
65%
155k Bitung
64%
61k Tomohon
64%
70k Kotamobagu
56%
No matching quizzes found
Score Distribution
Percent of People with Each Score
Percentile by Number Answered
Your Score History
You have not taken this quiz